| 000 | 00875cac a22002891u 4500 | ||
|---|---|---|---|
| 008 | 081102t1981 xxu||||| |||| 00| 0 eng d | ||
| 010 | _a 82641202 | ||
| 022 | 0 | _a0278-2731 | |
| 035 | _a(OCoLC)ocm07760703 | ||
| 082 |
_a001.4025 _bINT |
||
| 245 | 0 | 0 | _aInternational research centers directory: |
| 246 | 1 | 3 | _aIRCD |
| 250 | _a19th ed. | ||
| 260 |
_aDetroit, Mich. : _bGale Research Co. _c1981 |
||
| 300 |
_a1v. ; _c28 cm. |
||
| 500 | _aPublished: Gale Group, <2000-> | ||
| 500 | _aDonations | ||
| 500 | _aDonations: AUC | ||
| 511 | _aCatalogued by: wessam | ||
| 650 | 0 |
_aResearch institutes _vDirectories. _2BUEsh |
|
| 650 | 0 |
_aResearch _vdirectories. _2BUEsh |
|
| 650 | 0 |
_aScience _vdirectories. _2BUEsh |
|
| 650 | 0 |
_aTechnology _vdirectories. _2BUEsh |
|
| 650 | 0 |
_aCentres de recherche _vReÌ?pertoires. _2BUEsh |
|
| 651 | _2BUEsh | ||
| 942 |
_cNB _k001.4025INT _2ddc |
||
| 999 |
_c9966 _d9966 |
||